<?xml version="1.0" encoding="UTF-8"?>
<collection xmlns="http://www.loc.gov/MARC21/slim">
 <record>
  <leader>01504nam a2200193 a 4500</leader>
  <controlfield tag="001">TVCDKTCT9178</controlfield>
  <controlfield tag="003">Thư viện trường Cao đẳng Kỹ thuật Cao Thắng</controlfield>
  <controlfield tag="005">20080423000000</controlfield>
  <controlfield tag="008">080423</controlfield>
  <datafield tag="980" ind1="\" ind2="\">
   <subfield code="a">Thư viện Trường CĐ Kỹ Thuật Cao Thắng</subfield>
  </datafield>
  <datafield tag="024" ind1=" " ind2=" ">
   <subfield code="a">RG_1 #1 eb0 i1</subfield>
  </datafield>
  <datafield tag="041" ind1="0" ind2="#">
   <subfield code="a">vie</subfield>
  </datafield>
  <datafield tag="082" ind1="#" ind2="#">
   <subfield code="a">891.7 / </subfield>
   <subfield code="b">S455Đ-m</subfield>
  </datafield>
  <datafield tag="100" ind1="1" ind2="#">
   <subfield code="a">SôLôKhôp Mikhain</subfield>
  </datafield>
  <datafield tag="245" ind1="0" ind2="0">
   <subfield code="a">Sông Đông êm đềm. Tập 4 /</subfield>
   <subfield code="c">SôLôKhôp Mikhain</subfield>
  </datafield>
  <datafield tag="260" ind1="#" ind2="#">
   <subfield code="a">H. :</subfield>
   <subfield code="b">Hội nhà văn ,</subfield>
   <subfield code="c">2007</subfield>
  </datafield>
  <datafield tag="300" ind1="#" ind2="#">
   <subfield code="a">764tr. ;</subfield>
   <subfield code="c">21cm</subfield>
  </datafield>
  <datafield tag="520" ind1="#" ind2="#">
   <subfield code="a">Sông Đông êm đềm là cuốn tiểu thuyến của Mikhain Sôlôkhôp. Ông đã để lại nhiều công trình nghiên cứu , những tài liệu lịch sử, những tác phẩm lý luận, những hồi ức của người khác cùng với những tài liệu khác có liên quan tới sự kiện được miêu tả có thể nói là song song với việc viết văn, Sôlôkhôp đã làm cả một công trình nghiên cứu khoa học, do đó giúp người khác có thể dựa vào các tác phẩm của ông để mà nghiên cứu một số vấn đề khoa học. Sông Đông êm đềm phản đối cuộc đấu tranh một mất một còn giữa hai phe cách mạng và phản cách mạng trên vùng Sông Đông.</subfield>
  </datafield>
  <datafield tag="650" ind1="#" ind2="4">
   <subfield code="a">Văn học Nga</subfield>
  </datafield>
 </record>
</collection>
